Chữ Vạn (Swastika) - Biểu tượng trong Hindu giáo /
Kaydedildi:
| Yazar: | |
|---|---|
| Diğer Yazarlar: | |
| Materyal Türü: | Makale |
| Dil: | Vietnamese |
| Konular: | |
| Etiketler: |
Etiketle
Etiket eklenmemiş, İlk siz ekleyin!
|
| Thư viện lưu trữ: | Thư viện Trường Đại học Đà Lạt |
|---|
| LEADER | 00800nam a2200265 4500 | ||
|---|---|---|---|
| 001 | DLU170179199 | ||
| 005 | ##20170317 | ||
| 040 | # | # | |a DLU |b vie |
| 041 | # | # | |a vie |
| 044 | # | # | |a vn |
| 100 | # | # | |a Đặng Văn Thắng. |
| 245 | # | # | |a Chữ Vạn (Swastika) - Biểu tượng trong Hindu giáo / |c Đặng Văn Thắng, Trương Phúc Hải. |
| 653 | # | # | |a Chữ Vạn |
| 653 | # | # | |a Biểu tượng |
| 653 | # | # | |a Hindu giáo |
| 700 | # | # | |a Trương Phúc Hải. |
| 773 | # | # | |t Nghiên cứu tôn giáo |g Số 8(146), 2015, tr. 78-88 |
| 920 | # | # | |a Phòng Tạp chí -- Trung tâm Thông tin - Thư viện Trường Đại học Đà Lạt |
| 900 | # | # | |a True |
| 911 | # | # | |a Nguyễn Thị Thu Phương |
| 925 | # | # | |a G |
| 926 | # | # | |a A |
| 927 | # | # | |a BB |
| 980 | # | # | |a Thư viện Trường Đại học Đà Lạt |